000 00600nam a2200229Ia 4500
003 OSt
005 20220918202611.0
006 a|||||r|||| 00| 0
007 ta
008 220917b |||||||| |||| 00| 0 eng d
024 _a102,468
037 _cTextual
040 _aARTS
_cARTS
_beng
041 _2eng
_aeng
082 _aV25236:1:M5, A5 (+)
100 _aThomson Capt. Mowbray
_9104535
245 0 _aStory of Cawnpore
260 _aNA
_bNA
_c1905
650 _aHISTORY
942 _hV25236:1:M5, A5 (+)
_cTEXL
_2CC
999 _c225922
_d225922